Normal view
MARC view
- Housing
Entry Topical Term
001 - CONTROL NUMBER
- control field: 32423
003 - CONTROL NUMBER IDENTIFIER
- control field: NUST
005 - DATE AND TIME OF LATEST TRANSACTION
- control field: 20201019100305.0
008 - FIXED-LENGTH DATA ELEMENTS
- fixed length control field: 201019|| aca||aabn | a|a d
040 ## - CATALOGING SOURCE
- Original cataloging agency: NUST
- Transcribing agency: NUST
150 ## - HEADING--TOPICAL TERM
- Topical term or geographic name entry element: Housing
670 ## - SOURCE DATA FOUND
- Source citation: Work cat.: (NUST)255: Goodman, Robert, 32422, After the planners., [1972, c1971]
